000 01310nam a2200325 i 4500
003 EG-GICUC
005 20260121101733.0
008 260118s1971 ua ||||fr|||| 00| 0 ara d
040 _a EG-GICUC
_bara
_c EG-GICUC
_d EG-GICUC
_erda
041 1 _aara
082 0 4 _221
_a345.4391
_bص ل . ا
092 0 4 _221
099 _aLaw1 07 345.4391 ص ل . ا 1971
100 0 _aصلاح الدين عبد العزيز محمد
_eمعد.
245 1 0 _aاشتراك العاملين في اتخاذ القرارات :
_bدراسة تطبيقية مقارنة /
_cإعداد صلاح الدين عبد العزيز محمد
264 _aالقاهرة:
_bالمنظمة العريبة للعلوم الإدارية ،
_c1971.
300 _a159؛صفحة
_c24 سم
336 _2rda content
_atext
337 _2rda media
_aComputer
338 _2rda carrier
_aOnline Resource
490 _aسلسلة الفكر الإداري المعاصر
_v56
504 _aيشتمل على إرجاعات ببليوجرافية.
546 _aالنص باللغة العربية
650 1 _aالقانون الإداري
_2qrmak
650 1 _aتصحيح أوضاع العاملين
651 1 _2qrmak
856 4 0 _uhttps://fll.law.cu.edu.eg/fulltext/bks/B07-00122.pdf
905 _a74
942 _2ddc
_n0
_cBK
_e21
999 _c57390
_d57390